| 000 | 01117cam a2200241 4500 | ||
|---|---|---|---|
| 001 | ##L135091 | ||
| 008 | 060925n2006 000 0 eng u | ||
| 020 | _a1859355129 | ||
| 035 | _a(Sirsi) u135091 | ||
| 041 | 0 | _aeng | |
| 050 | 0 | 4 | _a306.1 $2 18 |
| 100 | 1 | _aPalmer, Guy | |
| 245 | 0 | 0 | _aHousing and neighbourhoods monitor |
| 260 |
_aYork _bJoseph Rowntree Foundation _c2006 |
||
| 520 | _aExamines statistical information in order to assess the current situation with regards to housing and neighbourhoods in the UK. Shows how neighbourhoods and housing are changing and how this relates to government policy targets. The information presented illustrates trends over time as well as variations between different sections of the population. Tables. | ||
| 590 | _aIKA031006 | ||
| 651 | 4 |
_aUnited Kingdom _y |
|
| 690 | _aPROPERTY-RESIDENTIAL PROPERTY-RESIDENTIAL PROPERTY MARKET | ||
| 700 | 1 | _aKenway, Peter | |
| 700 | 1 | _aWilcox, Steve | |
| 856 | 4 | 0 |
_uhttps://www.npi.org.uk/files/New%20Policy%20Institute/housing%20and%20neighbourhoods.pdf _zView the item free of charge at www.jnpi.org.uk... |
| 942 | _n0 | ||
| 999 |
_c105914 _d105914 |
||